00650nam a22001937a 4500003000900000005001700009007000300026008004100029020001800070040002500088082000700113100002900120245012300149260005200272300002100324504002800345700004000373700004300413DO-SdBNP20211104102501.0ta211104b2019 dr ||||| |||| 00| 0 eng d a9789945804539 aDO-SdBNPbspacBNPHU 42221 aAcevedo Merán, Flor de10aDesesperada por un hombre /cFlor Acevedo de Merán ; prólogo Thelma Constant ; corrección Ginny Michelle Pérez aSanto Domingo :bPublicaciones Libertad,c2019. a257 p. ;c21 cm. aBibliografía : p. 2571 aConstant, Thelma,epról.qpastora1 aPérez, Ginny Michelle,ecorrección